Statistics for Animals that Start with S

Click here to take the quiz!

General Stats

  • This quiz has been taken 47,953 times
  • The average score is 19 of 24

Answer Stats

ClueAnimal% Correct
What the ugly duckling wasSwan
97%
Slithering reptileSnake
96%
What shepherds herdSheep
94%
Nut-hiding rodentSquirrel
93%
Eight-legged insect eaterSpider
92%
Varieties include mako, nurse and hammerheadShark
92%
Popular food fish with pink fleshSalmon
89%
Arachnid with two claws and a
venomous tail stinger
Scorpion
88%
Slimy, slow-moving, shelled molluskSnail
87%
Baby-delivering birdStork
86%
"Lazy" animal of Central and South AmericaSloth
86%
Relative of octopuses and cuttlefishSquid
83%
PrawnShrimp
81%
Animal that killed the Crocodile HunterStingray
80%
The above without a shellSlug
79%
Subtypes include sea lions and walrusesSeal
78%
Female pigSow
71%
Small fish species where
males get "pregnant"
Seahorse
70%
Male deerStag
69%
Pepé Le Pew was oneSkunk
69%
Speedy fish with a very sharp billSwordfish
64%
Amphibian with a lizard-like appearanceSalamander
52%
Largest type of freshwater fish;
its eggs are sold as caviar
Sturgeon
52%
Antelope namesake of South African rugbySpringbok
39%

Score Distribution

Percentile by Number Answered

Percent of People with Each Score

Your Score History

You have not taken this quiz